| 000 | 00530nam a22001937a 4500 | ||
|---|---|---|---|
| 003 | OSt | ||
| 005 | 20180116192408.0 | ||
| 008 | 120410t 2010xxu||||| |||| 00| 0 eng d | ||
| 040 | _c0 | ||
| 082 |
_a745.723 _bAQE |
||
| 100 |
_aAqeel Solangi _9731 |
||
| 245 |
_aThe Root, The Ground and The Air/ _cAqeel Solangi. |
||
| 260 |
_aLahore: _bTopical; _c2010. |
||
| 300 | _bill; | ||
| 650 |
_aPainting _9732 |
||
| 650 |
_aPainting _xTechnique _9733 |
||
| 942 |
_2ddc _cBK |
||
| 999 |
_c353463 _d353463 |
||